Sports Quiz

Random Sports or NBA Quiz

Old NBA Logos Quiz Stats

 Plays Quiz not verified by Sporcle

Score 0/29 Timer 05:00
2 Plays Today
% Correct
Los Angeles Lakers
91.6%
Philadelphia 76ers
91.4%
San Antonio Spurs
90.4%
Boston Celtics
89.9%
Indiana Pacers
89.9%
Milwaukee Bucks
89.4%
Minnesota Timberwolves
89.4%
Sacramento Kings
89.4%
Los Angeles Clippers
89.2%
Miami Heat
89.2%
Houston Rockets
88.9%
Brooklyn Nets
88.4%
Phoenix Suns
88.4%
Charlotte Hornets
86%
Toronto Raptors
86%
% Correct
Oklahoma City Thunder
85.2%
Atlanta Hawks
85%
Orlando Magic
84%
Denver Nuggets
83.7%
Dallas Mavericks
83.5%
Washington Wizards
81.8%
Detroit Pistons
79.8%
New Orleans Pelicans
74.9%
Golden State Warriors
73.6%
New York Knicks
72.2%
Memphis Grizzlies
68.2%
Cleveland Cavaliers
60.8%
Utah Jazz
59.9%
Portland Trail Blazers
55.9%

You're not logged in!

Compare scores with friends on all Sporcle quizzes.
OR
Log In

You Might Also Like...

Show Comments

Extras

Top Quizzes Today


Score Distribution

Your Account Isn't Verified!

In order to create a playlist on Sporcle, you need to verify the email address you used during registration. Go to your Sporcle Settings to finish the process.

Report this User

Report this user for behavior that violates our Community Guidelines.

Details: